| 000 | 00687cam a2200193 4500 | ||
|---|---|---|---|
| 001 | D15658 | ||
| 008 | 090401t1983 xxu||||| |||| 00| 0 eng d | ||
| 035 | _a(Sirsi) u24383 | ||
| 041 | _aeng | ||
| 050 | _a634.928 | ||
| 110 |
_aRoyal Institution of Chartered Surveyors _94900 |
||
| 245 | 4 | _aThe management of small woods. One day conference in conjunction with the Royal Forestry Society of England, Wales and N.Ireland, at RICS 10 November 1983 | |
| 260 |
_aLondon _bSurveyors Technical Services _c1983 |
||
| 350 | _a0 | ||
| 520 | _aFiled in box RICS 1983/38 ABC ;2 papers and 1 synopsis | ||
| 710 |
_aLand Agency and Agriculture Division _9773 |
||
| 942 | _n0 | ||
| 948 | _c04/03/1997 | ||
| 999 |
_c88535 _d88535 |
||